Rindu yang pergi /

Bibliographic Details
Main Author: Fazie Hanna
Format: Book
Published: Selangor: Alaf 21, 2004.
Subjects:
LEADER 00440cam a2200181 7i4500
001 0000017658
005 20151104090000.0
005 ##20151104121000.0
003 ##MY-KlINT
020 # # |a 9831241525  
039 # 9 |y 201511041210  |z VLOAD 
090 0 0 |a 899.2333   |b FAZ 
100 1 # |a Fazie Hanna 
245 1 0 |a Rindu yang pergi /   |c by Fazie Hanna. 
260 # # |a Selangor:   |b Alaf 21,   |c 2004. 
300 # # |a 339p.;   |c 19cm. 
650 # 0 |a Malay fiction  
650 # 0 |a Fiction